000 00338nam a2200133Ia 4500
005 20260328104245.0
008 260328s9999||||xx |||||||||||||| ||und||
100 _aGiuria, Juan
245 0 _aLa Arquitectura en el Uruguay /
_cJuan Giuria
260 _bUniversidad de la República
300 _a390 p.
650 _aURUGUAY
942 _cBK
999 _c10028
_d10028